Lucha por la democracia, frente amplio la vía para avanzar. : (Record no. 45651)
[ view plain ]
| 000 -CABECERA | |
|---|---|
| campo de control de longitud fija | 00417nam a2200121 a 4500 |
| 001 - NÚMERO DE CONTROL | |
| campo de control | 000046162 |
| 005 - FECHA Y HORA DE LA ÚLTIMA TRANSACCIÓN | |
| campo de control | 20201002052658.0 |
| 008 - DATOS DE LONGITUD FIJA--INFORMACIÓN GENERAL | |
| campo de control de longitud fija | 150630s1988 000 spa d |
| 040 ## - FUENTE DE LA CATALOGACIÓN | |
| Centro catalogador/agencia de origen | DO-SdBNP |
| Lengua de catalogación | spa |
| Centro/agencia transcriptor | BNPHU |
| 245 #0 - MENCIÓN DE TÍTULO | |
| Título | Lucha por la democracia, frente amplio la vía para avanzar. : |
| Resto del título | declaración de guayana. |
| 260 ## - PUBLICACIÓN, DISTRIBUCIÓN, ETC. | |
| Lugar de publicación, distribución, etc. | Santo Domingo, República Dominicana, : |
| Nombre del editor, distribuidor, etc. | Bloque Socialista, |
| Fecha de publicación, distribución, etc. | 1988. |
| 300 ## - DESCRIPCIÓN FÍSICA | |
| Extensión | 23 p. : ; |
| Dimensiones | 16 p. |
| Estado de retiro | Estado de pérdida | Restricciones de uso | No para préstamo | Código de colección | Localización permanente | Ubicación/localización actual | Ubicación en estantería | Fecha de adquisición | Número de inventario | Total de préstamos | Signatura topográfica completa | Código de barras | Fecha visto por última vez | Precio válido a partir de | Tipo de ítem Koha | Número de copia | Nota pública |
|---|---|---|---|---|---|---|---|---|---|---|---|---|---|---|---|---|---|
| Excluido de préstamo | Monografías: Libros y Folletos | Patrimonio Dominicano | Patrimonio Dominicano | Depósito | 30.06.2015 | LF1 | 46162-10 | 25.06.2020 | 25.06.2020 | No se presta | |||||||
| Excluido de préstamo | Monografías: Libros y Folletos | Patrimonio Dominicano | Patrimonio Dominicano | Depósito | 06.08.2015 | LF1 | 46162-20 | 25.06.2020 | 25.06.2020 | No se presta | e. 2 | perteneció a la biblioteca personal de Chiqui Vicioso / Fidelio Despradel. |
